| Поле | Инд. | ПП | Название | Значение |
|---|---|---|---|---|
| Тип записи | a | |||
| Библиографический уровень | b | |||
| 001 | Контрольный номер | RU/IS/BASE/258645499 | ||
| 005 | Дата корректировки | 20200603180619.5 | ||
| 008 | Кодируемые данные | 20080312 | ||
| 040 | b | Код языка каталог. | rus | |
| e | Правила каталог. | PSBO | ||
| 041 | 0_ | a | Код языка текста | rus |
| 084 | a | Индекс другой классификации/Индекс ББК | 65.42-803.1; 65.291.592 | |
| 100 | 1_ | a | Автор | Зверева А. О. |
| 245 | 10 | a | Заглавие | Особенности создания отраслевой системы закупок |
| 520 | a | Аннотация | "Отождествляя понятие "логистика" с понятием "товародвижение", в ней выделяют ряд функциональных подсистем. В их состав входит система управления закупками и размещением заказов. Эта система получила название "закупочная логистика"." | |
| 650 | a | Основная рубрика | логистика | |
| a | Основная рубрика | торговля | ||
| a | Основная рубрика | экономика | ||
| a | Основная рубрика | экономика предприятия | ||
| 653 | 1_ | a | Ключевые слова | закупочная логистика |
| a | Ключевые слова | реализация закупок | ||
| a | Ключевые слова | Россия | ||
| a | Ключевые слова | товародвижение | ||
| a | Ключевые слова | торговая логистика | ||
| a | Ключевые слова | управление закупками | ||
| a | Ключевые слова | управление товародвижением | ||
| 773 | 0_ | t | Заглавие источника | РИСК: ресурсы, информация, снабжение, конкуренция |
| d | Дата издания источника | 2007 | ||
| g | Прочая информация | № 4. - С. 20 - 23 : рис., табл., схем. | ||
| w | Контрольный № источника | RU/IS/BASE/252164225 | ||
| 901 | t | Тип документа | b |